00702 2200277 4500001002100000005001500021035002000036007000300056040001700059100002700076245005200103250001200155300002900167041000800196082000800204084001400212090001900226264002900245336002100274337003000295338002300325650001100348850001000359008004100369990001400410INLIS00000000000831120260526114213 a0010-0922000800ta aSBPUPADbind0 aFerosika FKePengarang1 aSicabe Rawit Beraksi Di Ibu Kota /cFerosika FK a.-cet.1 a81 hlm :bilus. ;c14 cm aind a813 a813 FER s a813 FER s 24-9 a.--Medan :bMadju,c1983 2rdacontentateks 2rdamediaatanpa perantara 2rdacarrieravolume 4aCerpen aPUPAD260526 1  a324/ROM-a